INDUSTRIAL applications of microbial enzymes

Guardat en:
Dades bibliogràfiques
Format: Llibre
Idioma:anglès
Publicat: CRC Press 2023
Etiquetes: Afegir etiqueta
Sense etiquetes, Sigues el primer a etiquetar aquest registre!

MARC

LEADER 00000nam a22000007a 4500
008 240912b |||||||| |||| 00| 0 eng d
020 |a 9781032065137 
245 |a INDUSTRIAL applications of microbial enzymes  |c /edited by Pankaj Bhatt  |g xiv, 336p.;ill 
250 |c Bhatt, Pankaj 
260 |b CRC Press  |c 2023  |h Boca Raton, FL  |i 702601  |i 702602  |l QR90.In2  |m Microbial enzymes- Industrial applications  |m Industrial microbiology 
500 |a it includes references and index 
942 |a lcc  |c BK  |e Johnson  |f 12/09/24 
952 |0 0  |1 0  |2 lcc  |4 0  |6 QR0090 I N2  |7 0  |9 5563  |a SL  |b HOL  |c QZ  |d 2024-09-12  |l 0  |o QR90.In2  |p 2024-0802  |r 2024-09-12 00:00:00  |t 702601  |w 2024-09-12  |y BK 
952 |0 0  |1 0  |2 lcc  |4 0  |6 QR0090 I N2  |7 0  |9 5564  |a HOL  |b HOL  |c QZ  |d 2024-09-12  |l 0  |o QR90.In2  |p 2024-0803  |r 2024-09-12 00:00:00  |t 702602  |w 2024-09-12  |y BK 
999 |c 2746  |d 2746